00330nam a2200133Ia 4500008004100000020001500041041001200056100001300068245005000081260003200131300000800163650001200171700001300183221030s9999 xx 000 0 und d a9327270143 aEnglish aV. Kumar 0aBusiness Communicationcby V. Kumar, Bodh Raj bKalani Pub.aLudhianac2019 a690 aENGLISH aBodh Raj